Loading...
History - American History | 0 | 6 | 0 | 0 | 60 | 8 | 54.67 | 3 | 5 |
Religion | 0 | 5 | 0 | 1 | 50 | 33 | 79.60 | 2 | 3 |
History - Other History | 0 | 5 | 2 | 0 | 40 | 59 | 71.00 | 1 | 2 |
Fine Arts - Visual Fine Arts | 0 | 4 | 0 | 2 | 40 | 98 | 126.75 | 0 | 0 |
Literature - World/Other Literature | 0 | 3 | 0 | 1 | 30 | 93 | 110.67 | 0 | 1 |
Literature - European Literature | 0 | 3 | 0 | 1 | 30 | 125 | 129.67 | 0 | 1 |
Social Science | 0 | 3 | 1 | 0 | 25 | 49 | 69.33 | 1 | 2 |
History - European History | 0 | 3 | 1 | 0 | 25 | 66 | 84.33 | 0 | 2 |
Fine Arts - Classical Music | 0 | 2 | 0 | 0 | 20 | 110 | 120.00 | 0 | 0 |
Science - Other Science | 0 | 2 | 0 | 2 | 20 | 123 | 123.50 | 0 | 0 |
Mythology | 0 | 2 | 1 | 1 | 15 | 93 | 123.50 | 0 | 0 |
History - World History | 0 | 2 | 2 | 0 | 10 | 79 | 83.00 | 0 | 0 |
Philosophy | 0 | 1 | 0 | 0 | 10 | 77 | 77.00 | 0 | 1 |
Literature - American Literature | 0 | 1 | 0 | 0 | 10 | 108 | 108.00 | 0 | 0 |
Literature - British Literature | 0 | 1 | 1 | 0 | 5 | 101 | 101.00 | 0 | 0 |
Pop Culture | 0 | 1 | 1 | 0 | 5 | 77 | 77.00 | 0 | 1 |
Geography/Current Events | 0 | 1 | 1 | 0 | 5 | 101 | 101.00 | 0 | 0 |
Fine Arts - Other Fine Arts | 0 | 1 | 1 | 0 | 5 | 132 | 132.00 | 0 | 1 |